[Event "SV Waltrop 1 - SG Gladbeck 1"]
[Site "Verbandsliga - Gr. 1 2019/202"]
[Date "2020.01.19"]
[Round "5.5"]
[White "Winzbeck, Frank"]
[Black "Atali, Dogukan"]
[Result "0-1"]
[WhiteElo "1885"]
[BlackElo "1871"]
[PlyCount "100"]
[EventDate "2020.??.??"]
[WhiteTeam "SG Gladbeck 1"]
[BlackTeam "SV Waltrop 1"]

1. d4 Nf6 2. c4 e5 3. d5 Bb4+ 4. Bd2 Bxd2+ 5. Qxd2 d6 6. Nc3 O-O 7. e4 Nbd7 8.
g3 Nc5 9. Bg2 a5 10. Nge2 Qe7 11. O-O c6 12. Rae1 cxd5 13. cxd5 Bd7 14. a3 b5
15. b4 axb4 16. axb4 Na4 17. Ra1 Nb6 18. f4 Nc4 19. Qd3 Ng4 20. fxe5 Ncxe5 21.
Qd4 Nc4 22. Nf4 Nge3 23. Rxa8 Rxa8 24. Rc1 Qg5 25. Bf3 Qh6 26. h4 Ra3 27. Be2
Kf8 28. Bxc4 Nxc4 29. Rf1 Ke7 30. Re1 Ne5 31. Rf1 Qf6 32. Kg2 Rb3 33. Rf2 Ng4
34. e5 dxe5 35. Re2 Kf8 36. Qc5+ Qe7 37. d6 Qd8 38. Nfd5 h5 39. Ne7 Qa8+ 40.
Ncd5 Qa3 41. Nf5 g6 42. Nfe3 Nxe3+ 43. Nxe3 Rb2 44. Qxe5 Rxe2+ 45. Kf1 Qb2 46.
Qe7+ Kg7 47. Qxd7 Rxe3 48. Qxb5 Qc1+ 49. Kg2 Qc2+ 50. Kh3 Qf5+ 0-1

[Event "SV Waltrop 1 - SG Gladbeck 1"]
[Site "Verbandsliga - Gr. 1 2019/202"]
[Date "2020.01.19"]
[Round "5.6"]
[White "Sehrbrock, Christoph"]
[Black "Kruse, Peter"]
[Result "1/2-1/2"]
[WhiteElo "1811"]
[BlackElo "1950"]
[PlyCount "146"]
[EventDate "2020.??.??"]
[WhiteTeam "SV Waltrop 1"]
[BlackTeam "SG Gladbeck 1"]

1. e4 e5 2. Nf3 Nf6 3. Nxe5 d6 4. Nf3 Nxe4 5. Nc3 Nxc3 6. dxc3 Be7 7. Be3 Nc6
8. Qd2 Be6 9. O-O-O h6 10. Kb1 Bf6 11. Nd4 Nxd4 12. Bxd4 O-O 13. h3 c5 14. Bxf6
Qxf6 15. g4 d5 16. f4 d4 17. cxd4 Rad8 18. c3 cxd4 19. cxd4 Bd5 20. Rh2 Bf3 21.
Be2 Be4+ 22. Ka1 Qh4 23. Bc4 Bd5 24. Bxd5 Rxd5 25. Qe3 Rfd8 26. Rhd2 Qf6 27.
Qf2 Qe6 28. Qf3 Qf6 29. Qe4 Qh4 30. Rd3 Qf6 31. Kb1 Qh4 32. Qf3 Qf6 33. Qf2 Qb6
34. Rb3 Qc7 35. f5 Qe7 36. Re3 Qf6 37. Re4 Qd6 38. Qe3 Kh7 39. Qd3 Kg8 40. Qe3
Kh7 41. Re7 Rd7 42. Rxd7 Qxd7 43. Qe4 Kg8 44. Rd3 b6 45. Qf4 Kh7 46. f6 gxf6
47. Qxf6 Rd6 48. Qf4 Kg7 49. h4 Rf6 50. Qe5 Qd6 51. Qxd6 Rxd6 52. Kc2 f5 53.
gxf5 Kf6 54. Rg3 Rxd4 55. Rg6+ Kxf5 56. Rxh6 Ke5 57. Rh7 Kd6 58. h5 Rh4 59. a3
Rh3 60. h6 a5 61. Rh8 Kc6 62. a4 Kb7 63. h7 Ka7 64. Kd2 Kb7 65. Ke2 Ka7 66. Kf2
Kb7 67. Kg2 Rh5 68. Kg3 Rh1 69. Kf4 Rh5 70. Kg4 Rh1 71. Kf5 Rf1+ 72. Ke6 Rh1
73. Kd6 Rd1+ 1/2-1/2

[Event "SV Waltrop 1 - SG Gladbeck 1"]
[Site "Verbandsliga - Gr. 1 2019/202"]
[Date "2020.01.19"]
[Round "5.7"]
[White "Kucheyda, Joerg"]
[Black "Schmidt, Sebastian"]
[Result "1-0"]
[WhiteElo "1910"]
[BlackElo "1676"]
[PlyCount "71"]
[EventDate "2020.??.??"]
[WhiteTeam "SG Gladbeck 1"]
[BlackTeam "SV Waltrop 1"]

1. d4 Nf6 2. c4 c5 3. d5 b5 4. cxb5 a6 5. b6 Qxb6 6. Nc3 g6 7. g3 Bb7 8. Bg2
Bg7 9. Nf3 O-O 10. O-O d6 11. a4 Nbd7 12. a5 Qc7 13. h3 Rfe8 14. Re1 Rab8 15.
e4 Bc8 16. Qc2 h6 17. Nd2 Nf8 18. Nc4 N6d7 19. Na4 e6 20. Bd2 exd5 21. exd5
Rxe1+ 22. Rxe1 Ne5 23. Nxe5 Bxe5 24. Nb6 Nd7 25. Nc4 Kh7 26. h4 Nf6 27. Nxe5
dxe5 28. Bc3 Bf5 29. Qe2 Nd7 30. Qxa6 c4 31. Qc6 Qxc6 32. dxc6 Nc5 33. Rxe5 Nd3
34. Re7 Nxb2 35. Rxf7+ Kg8 36. Rb7 1-0

[Event "SV Waltrop 1 - SG Gladbeck 1"]
[Site "Verbandsliga - Gr. 1 2019/202"]
[Date "2020.01.19"]
[Round "5.8"]
[White "Goebel, Georg"]
[Black "Huttny, Georg"]
[Result "1/2-1/2"]
[WhiteElo "1770"]
[BlackElo "1828"]
[PlyCount "82"]
[EventDate "2020.??.??"]
[WhiteTeam "SV Waltrop 1"]
[BlackTeam "SG Gladbeck 1"]

1. Nf3 g6 2. c4 Bg7 3. Nc3 c5 4. g3 Nc6 5. Bg2 e5 6. O-O Nge7 7. d3 h6 8. Ne1
O-O 9. Nc2 d6 10. Rb1 f5 11. f4 Rb8 12. Bd2 a5 13. a3 Be6 14. Ne3 exf4 15. gxf4
Kh7 16. Ned5 Bf7 17. e3 Nxd5 18. Nxd5 Ne7 19. Nxe7 Qxe7 20. Qf3 b6 21. a4 Rfd8
22. Qf2 d5 23. cxd5 Bxd5 24. e4 fxe4 25. f5 Bd4 26. Be3 Bxe3 27. fxg6+ Kxg6 28.
Qxe3 Qg5 29. Qxg5+ Kxg5 30. dxe4 Bb3 31. Rf5+ Kg6 32. Rbf1 Rd1 33. Rf6+ Kg7 34.
Rxd1 Bxd1 35. e5 Re8 36. Rxb6 Rxe5 37. Rb5 Bxa4 38. Rxa5 Bb3 39. Kf2 Rf5+ 40.
Ke3 Rg5 41. Bf3 Re5+ 1/2-1/2

[Event "SF Essen-Katernberg  3 - Dortmunder SV "]
[Site "Verbandsliga - Gr. 2 2019/202"]
[Date "2020.01.19"]
[Round "5.1"]
[White "Wichtrup, Jan-Louis"]
[Black "Rosen, Willy"]
[Result "0-1"]
[WhiteElo "2101"]
[BlackElo "2106"]
[PlyCount "52"]
[EventDate "2020.??.??"]
[WhiteTeam "Dortmunder SV 1"]
[BlackTeam "SF Essen-Katernberg  3"]

1. d4 Nf6 2. c4 e6 3. Nc3 Bb4 4. Qc2 Nc6 5. Nf3 d6 6. Bd2 O-O 7. a3 Bxc3 8.
Bxc3 Qe7 9. e3 a5 10. b3 e5 11. d5 Nb8 12. Nd2 c6 13. dxc6 Nxc6 14. Bd3 h6 15.
O-O d5 16. cxd5 Nxd5 17. Bb2 Be6 18. Rac1 Rac8 19. Qb1 Qg5 20. Ne4 Qe7 21. Nc5
Rcd8 22. Nxe6 Qxe6 23. Rfd1 Nde7 24. Bc4 Qg4 25. h3 Qh5 26. Qe4 Rxd1+ 0-1

[Event "SF Essen-Katernberg  3 - Dortmunder SV "]
[Site "Verbandsliga - Gr. 2 2019/202"]
[Date "2020.01.19"]
[Round "5.2"]
[White "Krueger, Erich"]
[Black "Mallee, Ralph"]
[Result "1/2-1/2"]
[WhiteElo "2024"]
[BlackElo "2064"]
[PlyCount "36"]
[EventDate "2020.??.??"]
[WhiteTeam "SF Essen-Katernberg  3"]
[BlackTeam "Dortmunder SV 1"]

1. d4 Nf6 2. c4 g6 3. Nc3 d5 4. cxd5 Nxd5 5. e4 Nxc3 6. bxc3 Bg7 7. Qa4+ Nd7 8.
Nf3 O-O 9. Qa3 c5 10. Bg5 h6 11. Be3 b6 12. Rd1 Qc7 13. Bd3 Bb7 14. O-O e6 15.
Nd2 Rad8 16. Be2 Rfe8 17. e5 Bd5 18. Bf3 Bf8 1/2-1/2

[Event "SF Essen-Katernberg  3 - Dortmunder SV "]
[Site "Verbandsliga - Gr. 2 2019/202"]
[Date "2020.01.19"]
[Round "5.3"]
[White "Huettemann, Karl-Heinz"]
[Black "Nautsch, Werner"]
[Result "1/2-1/2"]
[WhiteElo "1958"]
[BlackElo "2016"]
[PlyCount "25"]
[EventDate "2020.??.??"]
[WhiteTeam "Dortmunder SV 1"]
[BlackTeam "SF Essen-Katernberg  3"]

1. c4 g6 2. Nc3 Bg7 3. g3 Nf6 4. Bg2 O-O 5. e4 c5 6. Nge2 Nc6 7. d3 d6 8. O-O
Bg4 9. h3 Bxe2 10. Nxe2 e5 11. Rb1 Nd4 12. Nxd4 cxd4 13. f4 1/2-1/2

[Event "SF Essen-Katernberg  3 - Dortmunder SV "]
[Site "Verbandsliga - Gr. 2 2019/202"]
[Date "2020.01.19"]
[Round "5.5"]
[White "Brockmann, Fabian"]
[Black "Geerlings, Gerd"]
[Result "1/2-1/2"]
[WhiteElo "1914"]
[BlackElo "1999"]
[PlyCount "45"]
[EventDate "2020.??.??"]
[WhiteTeam "Dortmunder SV 1"]
[BlackTeam "SF Essen-Katernberg  3"]

1. e4 c5 2. b3 Nc6 3. Bb2 e5 4. Bc4 Nf6 5. Nc3 Bd6 6. Nge2 a6 7. a4 Na5 8. O-O
Nxc4 9. bxc4 O-O 10. f4 exf4 11. Nxf4 Be5 12. d3 d6 13. h3 Bd7 14. a5 Bc6 15.
Qc1 Bd4+ 16. Kh1 Rb8 17. Ncd5 Nxd5 18. cxd5 Bxb2 19. Qxb2 Bd7 20. Qc3 Re8 21.
Ne2 b5 22. axb6 Rxb6 23. Rab1 1/2-1/2

[Event "SF Essen-Katernberg  3 - Dortmunder SV "]
[Site "Verbandsliga - Gr. 2 2019/202"]
[Date "2020.01.19"]
[Round "5.6"]
[White "Sauer, Bernd"]
[Black "Alarand, Beshr"]
[Result "1-0"]
[WhiteElo "1926"]
[BlackElo "1933"]
[PlyCount "51"]
[EventDate "2020.??.??"]
[WhiteTeam "SF Essen-Katernberg  3"]
[BlackTeam "Dortmunder SV 1"]

1. d4 Nf6 2. c4 e6 3. Nc3 d5 4. Bg5 Be7 5. e3 O-O 6. Nf3 b6 7. Rc1 Bb7 8. cxd5
Nxd5 9. Bxe7 Qxe7 10. Bd3 Rc8 11. O-O Nd7 12. Qe2 c5 13. Ba6 N7f6 14. dxc5 Nxc3
15. Rxc3 Nd5 16. Bxb7 Nxc3 17. Qa6 Qxc5 18. bxc3 Qxc3 19. Bxc8 Qxc8 20. Qxc8+
Rxc8 21. Rd1 Kf8 22. Kf1 Ke7 23. Ke2 f5 24. Ne5 Kf6 25. f4 g5 26. Rd7 1-0

[Event "SF Essen-Katernberg  3 - Dortmunder SV "]
[Site "Verbandsliga - Gr. 2 2019/202"]
[Date "2020.01.19"]
[Round "5.7"]
[White "Koehler, Eckart"]
[Black "Gehrmann, Ulrich"]
[Result "1/2-1/2"]
[WhiteElo "1873"]
[BlackElo "1923"]
[PlyCount "37"]
[EventDate "2020.??.??"]
[WhiteTeam "Dortmunder SV 1"]
[BlackTeam "SF Essen-Katernberg  3"]

1. d4 Nf6 2. Bf4 d5 3. e3 c5 4. c3 Nc6 5. Bd3 Qb6 6. Qc1 Nh5 7. Bg3 Bd7 8. dxc5
Qxc5 9. Nd2 Rc8 10. Nb3 Qb6 11. Qd1 g6 12. Be2 Nxg3 13. hxg3 e6 14. Nf3 Bg7 15.
Rb1 Na5 16. Ng5 h6 17. Nf3 Ba4 18. Nfd2 e5 19. Rh4 1/2-1/2

[Event "SF Essen-Katernberg  3 - Dortmunder SV "]
[Site "Verbandsliga - Gr. 2 2019/202"]
[Date "2020.01.19"]
[Round "5.8"]
[White "Armbruester, Juergen"]
[Black "Surmann, Christoph"]
[Result "0-1"]
[WhiteElo "1801"]
[BlackElo "1773"]
[PlyCount "88"]
[EventDate "2020.??.??"]
[WhiteTeam "SF Essen-Katernberg  3"]
[BlackTeam "Dortmunder SV 1"]

1. e4 c6 2. d4 d5 3. Nc3 dxe4 4. Nxe4 Bf5 5. Ng3 Bg6 6. Nf3 Nd7 7. h4 h6 8. h5
Bh7 9. Bd3 Bxd3 10. Qxd3 e6 11. Nf1 Ngf6 12. Ne3 Qa5+ 13. Bd2 Bb4 14. g4 Bxd2+
15. Nxd2 O-O 16. f4 Rad8 17. Qc3 Qxc3 18. bxc3 Nd5 19. Nxd5 cxd5 20. Rb1 b6 21.
Ke2 Rc8 22. Kd3 Rc6 23. g5 hxg5 24. fxg5 Rfc8 25. Rb3 f6 26. gxf6 gxf6 27. Rh3
e5 28. dxe5 Nc5+ 29. Kd4 Nxb3+ 30. cxb3 fxe5+ 31. Kxd5 Rxc3 32. Rxc3 Rxc3 33.
Ne4 Rc2 34. a4 Rb2 35. Kc4 Kf7 36. b4 Ke6 37. h6 Rh2 38. h7 Kf5 39. h8=Q Rxh8
40. Nd6+ Kf4 41. Nb5 e4 42. Nxa7 e3 43. Kd3 Ra8 44. Nc6 Rxa4 0-1

[Event "SV Königsspringer Hamm 1 - SK Sodingen/"]
[Site "Verbandsliga - Gr. 2 2019/202"]
[Date "2020.01.19"]
[Round "5.1"]
[White "Ribbeheger, Edgar"]
[Black "Happel, Heiner"]
[Result "1/2-1/2"]
[WhiteElo "2014"]
[BlackElo "2186"]
[PlyCount "44"]
[EventDate "2020.??.??"]
[WhiteTeam "SK Sodingen/Castrop 2"]
[BlackTeam "SV Königsspringer Hamm 1"]

1. c4 e6 2. g3 d5 3. cxd5 exd5 4. Bg2 Nf6 5. Nf3 Be7 6. O-O O-O 7. d4 c6 8. Nc3
Bf5 9. Ne5 Nbd7 10. Nxd7 Qxd7 11. Bg5 h6 12. Bxf6 Bxf6 13. Qd2 Rfe8 14. Bf3 Bg4
15. Bxg4 Qxg4 16. e3 Qh3 17. Rfd1 h5 18. Qd3 h4 19. Qf1 Qf5 20. Qd3 Qh3 21. Qf1
Qf5 22. Qd3 Qh3 1/2-1/2

[Event "SV Königsspringer Hamm 1 - SK Sodingen/"]
[Site "Verbandsliga - Gr. 2 2019/202"]
[Date "2020.01.19"]
[Round "5.2"]
[White "Frombach, Ralf"]
[Black "Foerster, Wolfgang"]
[Result "1-0"]
[WhiteElo "2139"]
[BlackElo "1994"]
[PlyCount "73"]
[EventDate "2020.??.??"]
[WhiteTeam "SV Königsspringer Hamm 1"]
[BlackTeam "SK Sodingen/Castrop 2"]

1. d4 c5 2. c3 cxd4 3. cxd4 d5 4. Nc3 Nf6 5. Bg5 e6 6. e3 Be7 7. Bd3 h6 8. Bxf6
Bxf6 9. Nf3 Nc6 10. Rc1 a6 11. Bb1 Bd7 12. a3 b5 13. b4 Qb6 14. Qd3 g5 15. O-O
Rb8 16. e4 Nxd4 17. exd5 g4 18. Nd2 e5 19. Nde4 Bf5 20. Rfe1 Kf8 21. Qg3 Bg7
22. Nc5 Qg6 23. Nd7+ Bxd7 24. Bxg6 fxg6 25. Rxe5 Rc8 26. Na2 Kf7 27. Qf4+ Nf5
28. Ree1 h5 29. Rc7 Rcd8 30. Nc3 Rhf8 31. Ne4 Kg8 32. Nc5 Rfe8 33. Rxe8+ Rxe8
34. Qc1 Nd4 35. Kf1 Bf5 36. Rxg7+ Kxg7 37. Qc3 1-0

[Event "SV Königsspringer Hamm 1 - SK Sodingen/"]
[Site "Verbandsliga - Gr. 2 2019/202"]
[Date "2020.01.19"]
[Round "5.3"]
[White "Haberhausen, Ansgar"]
[Black "Dargel, Manuel"]
[Result "0-1"]
[WhiteElo "1998"]
[BlackElo "2108"]
[Annotator "Daniel"]
[PlyCount "80"]
[EventDate "2020.??.??"]
[WhiteTeam "SK Sodingen/Castrop 2"]
[BlackTeam "SV Königsspringer Hamm 1"]

1. d4 e6 2. Nf3 b6 3. g3 Bb7 4. Bg2 Nf6 5. O-O d5 6. c4 Nbd7 7. cxd5 exd5 8.
Nc3 Be7 9. b3 O-O 10. Bb2 Re8 11. Rc1 a6 12. Qd3 Bd6 13. e3 h6 14. Rfd1 Qe7 15.
Rd2 Ne4 16. Rdc2 Rad8 17. Nd2 f5 18. Qe2 Ndf6 19. Nf3 Ng4 20. Nxe4 fxe4 21. Ne5
Nf6 22. Bh3 Ra8 23. Bf5 Bc8 24. Bxc8 Rexc8 25. Qd2 Qe6 26. Qd1 Kh7 27. Rc6 Qf5
28. Qf1 Rf8 29. Qg2 h5 30. h3 Kg8 31. R1c2 a5 32. a4 Rad8 33. Rc1 Nh7 34. Kf1
Ng5 35. g4 hxg4 36. hxg4 Qc8 37. Qg3 $11 Nf3 38. Qh3 Qa6+ 39. Kg2 Qe2 40. R6c2
Ne1+ 0-1

[Event "SV Königsspringer Hamm 1 - SK Sodingen/"]
[Site "Verbandsliga - Gr. 2 2019/202"]
[Date "2020.01.19"]
[Round "5.4"]
[White "Prueß, Wilfried"]
[Black "Kock, Wolfgang"]
[Result "1/2-1/2"]
[WhiteElo "2065"]
[BlackElo "2019"]
[PlyCount "53"]
[EventDate "2020.??.??"]
[WhiteTeam "SV Königsspringer Hamm 1"]
[BlackTeam "SK Sodingen/Castrop 2"]

1. d4 d6 2. Nf3 Nd7 3. g3 e5 4. Bg2 exd4 5. Nxd4 Ngf6 6. O-O d5 7. Bf4 c6 8. c3
Nc5 9. Nd2 Ne6 10. Nxe6 Bxe6 11. Nb3 Qc8 12. Re1 Be7 13. Qd4 O-O 14. Rad1 Nd7
15. e4 dxe4 16. Rxe4 Nf6 17. Ree1 Rd8 18. Qe5 Rxd1 19. Rxd1 Ng4 20. Qd4 Qf8 21.
Qa4 Bxb3 22. Qxb3 Bc5 23. Rf1 Bb6 24. h3 Nf6 25. a4 Qc5 26. Be3 Qa5 27. Bxb6
1/2-1/2

[Event "SV Königsspringer Hamm 1 - SK Sodingen/"]
[Site "Verbandsliga - Gr. 2 2019/202"]
[Date "2020.01.19"]
[Round "5.5"]
[White "Hessel, Malte"]
[Black "Schmidt, Ingo"]
[Result "1/2-1/2"]
[WhiteElo "1981"]
[BlackElo "1967"]
[PlyCount "34"]
[EventDate "2020.??.??"]
[WhiteTeam "SK Sodingen/Castrop 2"]
[BlackTeam "SV Königsspringer Hamm 1"]

1. d4 Nf6 2. Nf3 e6 3. e3 b6 4. Bd3 Bb7 5. Nbd2 c5 6. c3 Be7 7. e4 d6 8. O-O
Nc6 9. Re1 cxd4 10. cxd4 O-O 11. b3 Rc8 12. a3 Nd7 13. Bb2 e5 14. b4 exd4 15.
Nxd4 Nxd4 16. Bxd4 Bf6 17. Nf3 Ne5 1/2-1/2

[Event "SV Königsspringer Hamm 1 - SK Sodingen/"]
[Site "Verbandsliga - Gr. 2 2019/202"]
[Date "2020.01.19"]
[Round "5.6"]
[White "Klaus, Michael"]
[Black "Zwielich, Frank"]
[Result "1/2-1/2"]
[WhiteElo "1833"]
[BlackElo "1938"]
[PlyCount "21"]
[EventDate "2020.??.??"]
[WhiteTeam "SV Königsspringer Hamm 1"]
[BlackTeam "SK Sodingen/Castrop 2"]

1. d4 d5 2. Nf3 Bf5 3. Bf4 e6 4. e3 Bd6 5. Bxd6 Qxd6 6. a3 Nd7 7. Bd3 Ngf6 8.
O-O O-O 9. Bxf5 exf5 10. Nbd2 b5 11. g3 1/2-1/2

[Event "SV Königsspringer Hamm 1 - SK Sodingen/"]
[Site "Verbandsliga - Gr. 2 2019/202"]
[Date "2020.01.19"]
[Round "5.7"]
[White "Evertz, Dieter"]
[Black "Sporkert, Corina"]
[Result "0-1"]
[WhiteElo "1922"]
[BlackElo "1829"]
[PlyCount "62"]
[EventDate "2020.??.??"]
[WhiteTeam "SK Sodingen/Castrop 2"]
[BlackTeam "SV Königsspringer Hamm 1"]

1. b3 e5 2. Bb2 Nc6 3. e3 Nf6 4. c4 d5 5. Nf3 Bg4 6. Be2 d4 7. d3 Bb4+ 8. Nfd2
dxe3 9. fxe3 Qd7 10. O-O O-O-O 11. Nf3 Rhe8 12. Nc3 Bc5 13. Qc1 e4 14. dxe4
Nxe4 15. Nd5 f6 16. a3 Ng5 17. b4 Bd6 18. Qc2 Bf5 19. Qa4 Nxf3+ 20. Bxf3 Kb8
21. b5 Ne5 22. Bd4 Nxf3+ 23. gxf3 b6 24. Rfc1 Qf7 25. Nb4 Qh5 26. Nc6+ Kc8 27.
Ra2 Qxf3 28. Rf2 Qh3 29. c5 Re4 30. Rcc2 Rg4+ 31. Rg2 Qxh2+ 0-1

[Event "SV Königsspringer Hamm 1 - SK Sodingen/"]
[Site "Verbandsliga - Gr. 2 2019/202"]
[Date "2020.01.19"]
[Round "5.8"]
[White "Kauder, Hartmut"]
[Black "Zygan, Michael"]
[Result "1-0"]
[WhiteElo "2089"]
[BlackElo "1709"]
[PlyCount "91"]
[EventDate "2020.??.??"]
[WhiteTeam "SV Königsspringer Hamm 1"]
[BlackTeam "SK Sodingen/Castrop 2"]

1. c4 c6 2. Nf3 d5 3. b3 Nf6 4. Bb2 Bf5 5. d3 e6 6. Nh4 Bg4 7. h3 Bh5 8. g4 Bg6
9. Bg2 c5 10. cxd5 Nxd5 11. Nxg6 hxg6 12. Nc3 Nc6 13. Nxd5 exd5 14. O-O Qd6 15.
Qd2 f6 16. Rad1 d4 17. Rfe1 O-O-O 18. e3 Be7 19. exd4 Nxd4 20. Bxd4 cxd4 21.
Qe2 Rd7 22. Qe4 g5 23. Qf5 Kb8 24. Re6 Qc5 25. Qg6 Bd6 26. Rde1 Be5 27. Re8+
Rxe8 28. Qxe8+ Qc8 29. Rxe5 fxe5 30. Qxe5+ Qc7 31. Qxg5 Qc2 32. Be4 Qxa2 33.
Qe5+ Rc7 34. Bf5 a5 35. Qxd4 Rc1+ 36. Kg2 Qxb3 37. Qd8+ Ka7 38. Qxa5+ Kb8 39.
Qd8+ Ka7 40. Qd4+ Ka6 41. Qxg7 b5 42. h4 Qd5+ 43. Be4 Qe6 44. h5 Qb6 45. Qb2
Rc8 46. Qa2+ 1-0

[Event "SV Horst-Emscher 1 - Oberhausener SV 2"]
[Site "Verbandsliga - Gr. 2 2019/202"]
[Date "2020.01.19"]
[Round "5.1"]
[White "Joergens, Markus"]
[Black "Baerwolf, Steven"]
[Result "0-1"]
[WhiteElo "1991"]
[BlackElo "2239"]
[PlyCount "62"]
[EventDate "2020.??.??"]
[WhiteTeam "Oberhausener SV 2"]
[BlackTeam "SV Horst-Emscher 1"]

1. d4 f5 2. c4 g6 3. Nc3 Nf6 4. Nh3 Bg7 5. Nf4 O-O 6. h4 d6 7. d5 Qe8 8. Nb5
Na6 9. Nd4 Nc5 10. b4 e5 11. bxc5 exd4 12. cxd6 Ne4 13. Bb2 Nxf2 14. Kxf2 Qe3+
15. Ke1 Qg3+ 16. Kd2 Qxf4+ 17. Kc2 Bd7 18. Qd3 Ba4+ 19. Kb1 Rae8 20. Bc1 Re3
21. Bxe3 dxe3 22. a3 Qe5 23. Ra2 Qg3 24. Rc2 Qe1+ 25. Rc1 Qd2 26. Rc2 Bxc2+ 27.
Qxc2 Qd4 28. Qb3 cxd6 29. Rh3 f4 30. Rf3 Rc8 31. g3 Rxc4 0-1

[Event "SV Horst-Emscher 1 - Oberhausener SV 2"]
[Site "Verbandsliga - Gr. 2 2019/202"]
[Date "2020.01.19"]
[Round "5.2"]
[White "Rebentisch, Tom"]
[Black "Weyh, Thomas"]
[Result "1-0"]
[WhiteElo "2083"]
[BlackElo "1993"]
[PlyCount "103"]
[EventDate "2020.??.??"]
[WhiteTeam "SV Horst-Emscher 1"]
[BlackTeam "Oberhausener SV 2"]

1. e4 e5 2. Nf3 Nc6 3. Bc4 Bc5 4. c3 Nf6 5. d3 d6 6. O-O a6 7. Re1 Ba7 8. Nbd2
Na5 9. d4 Nxc4 10. Nxc4 exd4 11. cxd4 O-O 12. Bg5 h6 13. Bh4 Bg4 14. h3 Bxf3
15. Qxf3 Bxd4 16. Rad1 c5 17. Bxf6 Qxf6 18. Qxf6 Bxf6 19. b3 Rad8 20. Nxd6 Bc3
21. Rf1 b5 22. Nf5 Rfe8 23. f3 Ba5 24. Kf2 c4 25. bxc4 Rxd1 26. Rxd1 bxc4 27.
Rc1 c3 28. Rc2 Rb8 29. Ke2 Kf8 30. Ne3 h5 31. Nd5 Rc8 32. Kd3 Rd8 33. Rc1 g5
34. Kc2 Rc8 35. Rb1 Rc4 36. Rb3 g4 37. hxg4 hxg4 38. Nxc3 gxf3 39. gxf3 Rc6 40.
Kd3 Rf6 41. Ke3 Bb6+ 42. Ke2 Rh6 43. Nd5 Bc5 44. Kd3 Rh2 45. Kc4 Bg1 46. Ra3
Rc2+ 47. Kb3 Rf2 48. Ka4 Rb2 49. Ka5 Bc5 50. Ra4 Rf2 51. f4 Bd6 52. f5 1-0

[Event "SV Horst-Emscher 1 - Oberhausener SV 2"]
[Site "Verbandsliga - Gr. 2 2019/202"]
[Date "2020.01.19"]
[Round "5.3"]
[White "Matzat, Andre"]
[Black "Buschmann, Andreas"]
[Result "0-1"]
[WhiteElo "1983"]
[BlackElo "2038"]
[PlyCount "76"]
[EventDate "2020.??.??"]
[WhiteTeam "Oberhausener SV 2"]
[BlackTeam "SV Horst-Emscher 1"]

1. d4 Nf6 2. Bf4 g6 3. Nc3 Bg7 4. e4 c5 5. d5 O-O 6. Nf3 d6 7. a4 Na6 8. Be2
Nc7 9. h3 Bd7 10. O-O a6 11. Nd2 b5 12. Bf3 Nfe8 13. Qe2 e5 14. dxe6 Nxe6 15.
Bg3 Nd4 16. Qd1 b4 17. Nd5 Nxf3+ 18. gxf3 Bxb2 19. Nc4 Bd4 20. Kg2 Be6 21. Nce3
f5 22. Nf4 Ng7 23. Qd3 Qf6 24. Rad1 fxe4 25. fxe4 Rad8 26. Qxa6 h5 27. h4 g5
28. Nxe6 Qf3+ 29. Kh2 Nxe6 30. Nf5 Nf4 31. Rg1 Bxf2 32. Rdf1 Bxg1+ 33. Rxg1
Qxe4 34. Nxd6 Qxc2+ 35. Kh1 g4 36. Qc6 Qd3 37. Ne4 Qd5 38. Qxd5+ Rxd5 0-1

[Event "SV Horst-Emscher 1 - Oberhausener SV 2"]
[Site "Verbandsliga - Gr. 2 2019/202"]
[Date "2020.01.19"]
[Round "5.4"]
[White "Arndt, Olaf"]
[Black "Stefaniak, Christian"]
[Result "1/2-1/2"]
[WhiteElo "1857"]
[BlackElo "1915"]
[PlyCount "68"]
[EventDate "2020.??.??"]
[WhiteTeam "SV Horst-Emscher 1"]
[BlackTeam "Oberhausener SV 2"]

1. e4 e6 2. d4 d5 3. Nc3 Bb4 4. e5 c5 5. Bd2 Ne7 6. Nb5 Bxd2+ 7. Qxd2 O-O 8. c3
Nbc6 9. Nf3 cxd4 10. cxd4 a6 11. Nc3 f6 12. exf6 Rxf6 13. Bd3 Ng6 14. Ne2 Bd7
15. O-O Qe7 16. Rae1 Qd6 17. Bxg6 Rxg6 18. Nf4 Rf6 19. Ne5 Re8 20. Nh5 Rff8 21.
Qg5 Re7 22. Qg3 Nxe5 23. Rxe5 Qb4 24. Qe3 Qxb2 25. Nf4 Ref7 26. Nxe6 Bxe6 27.
Rxe6 Rf4 28. Re7 Qxa2 29. g3 R4f6 30. Rxb7 Qc2 31. f4 Qg6 32. Qe5 Rf5 33. Qc7
R5f7 34. Qb6 Rf6 1/2-1/2

[Event "SV Horst-Emscher 1 - Oberhausener SV 2"]
[Site "Verbandsliga - Gr. 2 2019/202"]
[Date "2020.01.19"]
[Round "5.5"]
[White "Seibert, Michael"]
[Black "Goeldenboog, Juergen"]
[Result "1/2-1/2"]
[WhiteElo "1958"]
[BlackElo "1937"]
[PlyCount "97"]
[EventDate "2020.??.??"]
[WhiteTeam "Oberhausener SV 2"]
[BlackTeam "SV Horst-Emscher 1"]

1. d4 d5 2. Bg5 g6 3. e3 Bg7 4. Nf3 Nf6 5. c4 c6 6. Nc3 O-O 7. Qb3 e6 8. Ne5
Qb6 9. Bxf6 Qxb3 10. axb3 Bxf6 11. f4 Nd7 12. Ng4 Bg7 13. h4 c5 14. cxd5 cxd4
15. exd4 Bxd4 16. O-O-O Bxc3 17. bxc3 exd5 18. h5 Nc5 19. Ne5 Be6 20. Kb2 Rac8
21. Bd3 Nxd3+ 22. Rxd3 Rc7 23. Nf3 Bf5 24. Rxd5 Be4 25. Rg5 Bxf3 26. gxf3 Re8
27. hxg6 fxg6 28. Re5 Rf8 29. Re4 Rf5 30. Rd1 Rcf7 31. Rdd4 h5 32. Kc2 h4 33.
Kd3 h3 34. Ke3 g5 35. Kf2 gxf4 36. Re8+ Kg7 37. Rdd8 Ra5 38. Rh8 Ra2+ 39. Kg1
Rg2+ 40. Kf1 Rg3 41. Kf2 Rg2+ 42. Kf1 Rc2 43. Rdg8+ Kf6 44. Rh6+ Kf5 45. Rc8
Rc1+ 46. Kf2 Kg5 47. Rxh3 Rc2+ 48. Ke1 Rb2 49. Rg8+ 1/2-1/2

[Event "SV Horst-Emscher 1 - Oberhausener SV 2"]
[Site "Verbandsliga - Gr. 2 2019/202"]
[Date "2020.01.19"]
[Round "5.6"]
[White "Weichert, Eddy"]
[Black "Hombrecher, Kai"]
[Result "1-0"]
[WhiteElo "1805"]
[BlackElo "1838"]
[PlyCount "53"]
[EventDate "2020.??.??"]
[WhiteTeam "SV Horst-Emscher 1"]
[BlackTeam "Oberhausener SV 2"]

1. e4 c6 2. d4 d5 3. exd5 cxd5 4. Nf3 Nc6 5. c3 Nf6 6. Bd3 Bg4 7. h3 Bh5 8. Bf4
e6 9. O-O Be7 10. Re1 O-O 11. Nbd2 a6 12. a4 Rc8 13. Qe2 Bg6 14. Bxg6 hxg6 15.
Ne5 Re8 16. Nd3 b5 17. axb5 axb5 18. b4 Bd6 19. Bxd6 Qxd6 20. Ne5 Ra8 21. Qxb5
Ne7 22. Qd3 Qc7 23. Nb3 Nf5 24. Nc5 Nd6 25. f3 Kf8 26. Rxa8 Rxa8 27. Nxg6+ 1-0

[Event "SV Horst-Emscher 1 - Oberhausener SV 2"]
[Site "Verbandsliga - Gr. 2 2019/202"]
[Date "2020.01.19"]
[Round "5.7"]
[White "Demircan, Baris"]
[Black "Becker, Marco"]
[Result "1/2-1/2"]
[WhiteElo "1775"]
[BlackElo "1944"]
[PlyCount "62"]
[EventDate "2020.??.??"]
[WhiteTeam "Oberhausener SV 2"]
[BlackTeam "SV Horst-Emscher 1"]

1. e4 c6 2. d4 d5 3. exd5 cxd5 4. c4 Nc6 5. cxd5 Qxd5 6. Nf3 e5 7. Nc3 Bb4 8.
Bd2 Bxc3 9. Bxc3 e4 10. Ne5 Nxe5 11. dxe5 Ne7 12. Qxd5 Nxd5 13. Bb5+ Ke7 14.
Bd4 Bd7 15. Bc4 Nf4 16. g3 Ne6 17. Bc3 Rhc8 18. Bf1 b5 19. Bg2 Rc4 20. a3 a5
21. O-O Ng5 22. Rfd1 Bc6 23. Rac1 Bb7 24. b3 Rcc8 25. h4 Nf3+ 26. Kh1 Ke8 27.
e6 fxe6 28. Bxg7 Bd5 29. b4 axb4 30. axb4 Rc4 31. Rxc4 bxc4 1/2-1/2